Southville International School and Colleges
Your cart is empty.
  • Cart
  • Lists
    Public lists Eva Luna New books Lux_list list_1
    Your lists Log in to create your own lists
  • Log in to your account
  • Your cookies
  • Search history
Southville International School and Colleges
  • Advanced search
  • Recent comments
  • Most popular
  • Libraries

Log in to your account

Log in with GOOGLE


If you do not have an external account, but do have a local account, you can still log in:

  1. Home
  2. MARC view: Ang madyik silya ni Titoy :
Normal view MARC view ISBD view

Ang madyik silya ni Titoy : (Record no. 105252)

[ view plain ]
MARC details
000 -LEADER
fixed length control field 00583nam a2200181 a 4500
005 - DATE AND TIME OF LATEST TRANSACTION
control field 20140412111348.0
008 - FIXED-LENGTH DATA ELEMENTS--GENERAL INFORMATION
fixed length control field 050422s19uu xx 00 eng d
020 ## - INTERNATIONAL STANDARD BOOK NUMBER
International Standard Book Number 971-508-142-8
050 ## - LIBRARY OF CONGRESS CALL NUMBER
Classification number Fil 398.2
Item number M733 2002
100 ## - MAIN ENTRY--PERSONAL NAME
Personal name Molina, Russell
245 ## - TITLE STATEMENT
Title Ang madyik silya ni Titoy :
Remainder of title Titoy's magical chair /
Statement of responsibility, etc story by Russell Molina ; illustrations by Marcus Nada.
260 ## - PUBLICATION, DISTRIBUTION, ETC. (IMPRINT)
Place of publication, distribution, etc Manila, Philippines :
Name of publisher, distributor, etc Adarna House,
Date of publication, distribution, etc 2002.
300 ## - PHYSICAL DESCRIPTION
Extent 1 v (unp.) ; ill.
650 ## - SUBJECT ADDED ENTRY--TOPICAL TERM
Topical term or geographic name as entry element Folklore, Philippines
650 ## - SUBJECT ADDED ENTRY--TOPICAL TERM
Topical term or geographic name as entry element Chairs
General subdivision Fiction
650 ## - SUBJECT ADDED ENTRY--TOPICAL TERM
Topical term or geographic name as entry element Children stories
Holdings
Withdrawn status Lost status Damaged status Home library Current library Shelving location Date acquired Source of acquisition Total Checkouts Full call number Barcode Date last seen Price effective from Koha item type
      Elizalde Library Elizalde Library Filipiniana Section 04/22/2005     Fil 398.2 M733 2002 E9748 04/12/2014 04/12/2014 Books

Ang madyik silya ni Titoy :

APA

Molina R., . (2002). Ang madyik silya ni Titoy. Manila, Philippines: Adarna House.

Chicago

Molina Russell, . 2002. Ang madyik silya ni Titoy. Manila, Philippines: Adarna House.

Harvard

Molina R., . (2002). Ang madyik silya ni Titoy. Manila, Philippines: Adarna House.

MLA

Molina Russell, . Ang madyik silya ni Titoy. Manila, Philippines: Adarna House. 2002.

  • Place hold
  • Print
  • Cite
  • Add to your cart (remove)
  • Save record
    BIBTEX Dublin Core MARCXML MARC (non-Unicode/MARC-8) MARC (Unicode/UTF-8) MARC (Unicode/UTF-8, Standard) MODS (XML) RIS
  • More searches
    Search for this title in:
    Other Libraries (WorldCat) Other Databases (Google Scholar) Online Stores (Bookfinder.com) Open Library (openlibrary.org)

Exporting to Dublin Core...

SOUTHVILLE LIBRARY

Southville International School and Colleges Library

1281 Tropical Ave. Cor. Luxembourg St., BF Homes International, Las Pinas City

Tel. No. 8256374 / 252358 Loc. 117/146

Powered by Koha